000 01154nam a22003497a 4500
003 CHAP
005 20220329133833.0
008 971013s1986 r 00010 d
010 _a11606
011 _a12578
035 _a15764
040 _cCHAP
090 _aFolleto 10783
100 0 0 _aMunnecke, Douglas M.
_979507
245 _aMétodos de desecho de envases y excedentes de plaguicidas
260 _aMetepec, Méx. :
_bECO,
_c1986
300 _a22 p.
500 _aD14-200
590 _aBATCH-UPD
_b10
_c20130110
_lUCH01
_h0154
590 _aBATCH-UPD
_b10
_c20130110
_lUCH01
_h1201
590 _aBATCH-UPD
_b10
_c20130410
_lUCH01
_h0744
590 _aBATCH-UPD
_b10
_c20130914
_lUCH01
_h1834
590 _aCONVERSION
_b10
_c20130109
_lUCH01
_h1308
650 1 4 _aPesticidas
_xMedidas de Seguridad.
_987564
650 1 4 _aPesticidas
_xResiduos.
_987570
710 0 _aCentro Panamericano de Ecología Humana y Salud.
_921257
710 0 _aOrganización Mundial de la Salud.
_983555
710 0 _aOrganización Panamericana de la Salud.
_983557
901 _aBK
942 _cFOLL
949 _aFolleto 11783
_bBC
_cFOLL
_d-27973
_eTS1
_i15764
_mD
_si
_t1.63
999 _c11606
_d11606